000
00351pab a2200157 454500
008
180718b2006 xxu||||| |||| 00| 0 eng d
100
_a
Sahay, A.
245
_a
Indian industrial clusters (a review essay)
260
_c
2006
300
_a
p.77-86.
362
_a
Oct-Dec
650
_a
Industry
773
_a
Vision
908
_a
N
909
_a
73124
999
_c
73124
_d
73124